000 00475nam a2200181Ia 4500
001 13498
005 20260306164805.0
008 260306t2006||||xx |||||||||||||| ||spa||
041 _aESP
082 _a004.6
_bA17
100 _aAcademia de Networking de Cisco Systems
_eAUT
245 0 _aFundamentos de redes inalámbricas:
_bcompanion guide
260 _c2006
300 _axxix, 788 páginas :
_c24 cm.
650 _aGEN
654 _aCCC
942 _cLIB
_dJUS
_fJUS
_2ddc
_n
999 _c13498
_d13498